000 00935nam0a2200253 4500
001 RU\NLR\BIBL_A\012907293
005 20250624221925.0
035 _a(NLR Aleph) 012907293
090 _a13312051
_c13312051
100 _a20221012d1961 |||y0rusy50 ca
101 0 _aaze
102 _aAZ
105 _ay z 000 y
200 1 _aРаjонумузун барамачылары
_fСадыг Муртузаjев, Азәрб.КП Загатала раjон ком. биринҹи катиби
210 _aБакы
_c[Бирләш.нәшр]
_d1961
215 _a23, [1] c.
_d17
225 1 _aКәнд коммунистинин китабханасы
_h9
541 1 _6z01790
_aШелководы нашего района
_zrus
700 1 _aМуртузаjев
_bС.
_gСадыг
_4070
790 1 _6z01541
_aМуртузаев
_bС.
_gСадых
_4070
852 _aNLR
_bОНЛ
_jАзерб./2-11179
942 _cBOOK
980 _aNB